000 00609nam a22001577a 4500
008 150213b xxu||||| |||| 00| 0 eng d
082 _a700
_bC755a
100 _aGuadalupe Ordaz;
_92053
110 _aConsejo Nacional de las Artes Plásticas (cuba)
_92054
245 _aArte universal : selección
_cGuadalupe Ordaz;
260 _aHavana, Cuba
_bConsejo Nacional de las Artes Plásticas
_c2001
300 _a79 p
_b ill
_c30 cm
650 _aHistoria del arte universal
_vsiglo XV - siglo XX
_zLatinoamerica
_92055
700 _aGuadalupe Ordaz;
_92056
710 _aConsejo Nacional de las Artes Plásticas (cuba)
_92057
999 _c426
_d426